| 000 | 00885nam a2200253Ia 4500 | ||
|---|---|---|---|
| 005 | 20211111074310.0 | ||
| 008 | 130821s2000 sp gr spa | ||
| 020 | _a8495027860 | ||
| 040 |
_aCo-BoUCM _bspa |
||
| 041 | 0 | 0 | _aspa |
| 100 | 1 |
_aPrat García, Josep Ma. _9162926 |
|
| 245 | 1 | 3 |
_aEl delito ecológico jurisprudencia actual comentada _cJosep Ma. Prat García, Pedro Solet Matutes |
| 260 |
_aBarcelona (España) _bCedecs Editorial _c2000 |
||
| 300 | _a137 páginas | ||
| 490 | _aBiblioteca Jurídica Soler Padró | ||
| 504 | _aIncluye bibliografía | ||
| 650 | 0 | 4 |
_aDelitos ecológicos _912594 |
| 650 | 0 | 4 |
_aDerecho ambiental _912703 |
| 650 | 0 | 4 |
_aDerecho ambiental _zEspaña _912703 |
| 650 | 0 | 4 |
_aMedio ambiente _xLegislación _939737 |
| 700 | 1 |
_aSoler Matutes, Pedro _9162927 |
|
| 942 |
_cLIBRO _2DEWEY _a8 _e1 _h341.762 _mP912d |
||
| 999 |
_c50427 _d50427 |
||